Normal view
MARC view
- Buchsbaum, Walter H
Entry Personal Name
001 - CONTROL NUMBER
- control field: 104302
003 - CONTROL NUMBER IDENTIFIER
- control field: NUST
005 - DATE AND TIME OF LATEST TRANSACTION
- control field: 20221207090938.0
008 - FIXED-LENGTH DATA ELEMENTS
- fixed length control field: 221207|| aca||aabn | a|a d
040 ## - CATALOGING SOURCE
- Original cataloging agency: NUST
- Transcribing agency: NUST
100 ## - HEADING--PERSONAL NAME
- Personal name: Buchsbaum, Walter H
670 ## - SOURCE DATA FOUND
- Source citation: Work cat.: (NUST)182465: Buchsbaum, Walter H., Complete guide to digital test equipment /, c1977.
